000 00849cam8a220024100 4500
001 lce00868012
008 731109s1974 caua 001 0 eng
010 _a 73019844
020 _a0716702649
_a0716702630 (pbk.)
035 _a(Sirsi) r90049
035 _a(DLC) 73019844
035 _a(UPRA)lce00868012
050 0 _aGB671
_b.L39 1974
082 _a551.4/8
100 1 _aLeopold, Luna Bergere, 1915-
_dLeopold, Luna Bergere, 1915-
_6A18830.1
245 1 0 _aWater; a primer
_c[by] Luna B. Leopold.
260 _aSan Francisco,
_bW. H. Freeman
_c[1974]
490 0 _aA Series of books in geology
_6S21870.2
500 _aAn expansion of the work, A primer on water, published in 1960, prepared by the author and W. B. Langbein.
650 0 _aWater.
_6S11195.1
949 _aGB671
_wlcc
_i33729005233817
_mMAIN
_tBOOK
_lON-SHELF
004 90049
999 _c64851
_d64852